Culture Pop par lettre - T - Statistiques

Statistiques générales
  • Ce quiz a été pris 1 612 fois
  • Le résultat moyen est 13 sur 15
Statistiques - réponses
Catégorie Indice Réponse % Correct
Bande Dessinée Créée par Hergé, le personnage principal est toujours accompagné de son chien Milou Tintin
98%
Film "Je vole, Jack" Titanic
97%
Comics Héros Marvel, aussi dieu du tonnerre dans la mythologie nordique Thor
96%
Application Application de rencontre où "swipe" vers la droite ou la gauche Tinder
96%
Dessin Animé Sam, Clover et Alex ne sont pas des lycéennes ordinaires car quand Jerry, le patron du Woop, les appelle elles partent en mission secrète Totally Spies
95%
Dessin Animé Ils sont quatre : Leonardo · Donatello · Michelangelo · Raphaël Tortues Ninja
93%
Application Avec son format vertical, elle est considérée comme l'application phare de la gen z TikTok
91%
Émission Émission culinaire où diffusée sur M6 en France ouverte aux professionnels Top Chef
91%
Terme En 5 lettres, mouvement de danse qui fait bouger les fesses et les hanches Twerk
89%
Personnage célèbre Héroïne de la Casa de Papel, afin de garder son identité secrète elle porte le nom d'une ville Tokyo
88%
Lieu Région en Roumanie, Dracula y aurait habité Transylvanie
81%
Film d'animation Dans "La princesse et la grenouille", elle est la princesse Tiana
79%
Série Hannah Baker a mis fin à ses jours. Elle laisse derrière elle sept cassettes qui explique pourquoi elle a pris cette décision 13 Reasons Why
74%
Série Scott McCall tente avec son meilleur ami Stiles Stinlinski de résoudre les mystères de Beacon Hills après avoir été mordu par une créature étrange dans la forêt Teen Wolf
52%
Personnage célèbre Prénom du personnage principal de la série "How I Met Your Mother" Ted Mosby
43%
Aucun quiz correspondant
Distribution des résultats
% des personnes avec chaque résultat
Percentile par nombre de réponses
Votre historique - résultats
Vous n’avez pas pris ce quiz